LEADER 01052nas 2200373 c 450 001 9910891785803321 005 20260218110445.0 035 $a(DE-599)ZDB3101730-7 035 $a(OCoLC)1368550993 035 $a(DE-101)1246300702 035 $a(CKB)4910000000548981 035 $a(DE-599)3101730-7 035 $a(EXLCZ)994910000000548981 100 $a20211123b19971997 |y | 101 0 $ager 135 $aur||||||||||| 181 $ctxt$2rdacontent 182 $cc$2rdamedia 183 $acr$2rdacarrier 200 00$aMitteilungen$h[...]$iBotanik$fLandesmuseum Joanneum 210 31$aGraz$c[Verlag nicht ermittelbar]$d1997 215 $aOnline-Ressource 300 $aGesehen am 23.11.2021 531 00$aMitt. Bot. Landesmus. Joanneum Graz 608 $aMonografische Reihe$2gnd-content 676 $a580 712 02$aSteierma?rkisches Landesmuseum Joanneum$4isb 801 0$b0355 801 1$bDE-101 801 2$b9999 906 $aJOURNAL 912 $a9910891785803321 996 $aMitteilungen$91921076 997 $aUNINA